000 00391nam a2200157Ia 4500
008 210716s1995 xx 000 0 und d
020 _a8175151343
041 _aeng
082 _a621.399 GRAJ
100 _aGradecki, Joe.
245 _aVirtual reality construction kit.
250 _a1
260 _aNew Delhi
_bGalgotia Publication Pvt Ltd
_c1995
300 _axi,340
650 _aNone
999 _c183106
_d183106